[Event "Subotica-ch op"]
[Site "Subotica"]
[Date "2020.02.24"]
[Round "1"]
[White "Matkovic, Jovan"]
[Black "Sirotanovic, Obrad"]
[Result "0-1"]
[WhiteElo "1894"]
[BlackElo "2138"]
[PlyCount "70"]
[EventDate "2020.02.24"]
[EventType "swiss"]
[EventRounds "9"]
[EventCountry "SRB"]
[SourceTitle "CBM 195 Extra"]
[Source "ChessBase"]
[SourceDate "2020.05.31"]
[SourceVersion "1"]
[SourceVersionDate "2020.05.31"]
[SourceQuality "1"]

1. e4 e6 2. d4 d5 3. e5 c5 4. c3 Qb6 5. Nf3 Nc6 6. Bd3 cxd4 7. cxd4 Bd7 8. 0-0 Nxd4 9. Nxd4 Qxd4 10. Nc3 a6 11. Qe2 Qh4 12. Be3 Bc6 13. g3 Qh3 14. Bd4 Nh6 15. Qf3 Ng4 16. Qg2 Qxg2+ 17. Kxg2 Be7 18. f3 Nh6 19. Ne2 0-0 20. Rac1 Rfc8 21. a3 Bd7 22. Be3 Rxc1 23. Rxc1 Rc8 24. Rxc8+ Bxc8 25. g4 Kf8 26. Kg3 Ng8 27. Bb6 g5 28. Be3 h6 29. h3 f6 30. f4 fxe5 31. fxe5 Kg7 32. Kf3 Bd8 33. Ng3 Bc7 34. Bd4 Ne7 35. Nh5+ Kf7 0-1

[Event "Subotica City-ch"]
[Site "Subotica"]
[Date "2019.03.13"]
[Round "8"]
[White "Matkovic, Jovan"]
[Black "Tomic, Zoran S"]
[Result "1/2-1/2"]
[WhiteElo "1912"]
[BlackElo "1857"]
[PlyCount "130"]
[EventDate "2019.02.25"]
[EventType "swiss"]
[EventRounds "9"]
[EventCountry "SRB"]
[SourceTitle "CBM 189 Extra"]
[Source "ChessBase"]
[SourceDate "2019.06.03"]
[SourceVersion "1"]
[SourceVersionDate "2019.06.03"]
[SourceQuality "1"]

1. e4 e5 2. Nf3 Nf6 3. Nxe5 d6 4. Nf3 Nxe4 5. d4 Be7 6. Bd3 Nf6 7. h3 c6 8. 0-0 0-0 9. Re1 Nd5 10. a3 Bf6 11. c4 Ne7 12. Qc2 Ng6 13. Nc3 d5 14. c5 b5 15. Ne2 a5 16. Ng3 Re8 17. Bd2 Be6 18. Nh5 Be7 19. Ne5 Bf8 20. Nf4 Qf6 21. Nxe6 Rxe6 22. Bf5 Re7 23. Nf3 h6 24. Rxe7 Nxe7 25. Bd3 Ng6 26. Re1 Nd7 27. Bf5 Ra7 28. Re8 a4 29. Qd3 Rb7 30. Ba5 Nf4 31. Qc2 Ne6 32. Bxe6 fxe6 33. Qe2 Kf7 34. Rc8 Nb8 35. Ne5+ Kg8 36. Bd8 Qf5 37. Nxc6 Nxc6 38. Rxc6 b4 39. axb4 Rxb4 40. Qxe6+ Qxe6 41. Rxe6 Rxd4 42. c6 Kf7 43. c7 Rc4 44. Ra6 Ke8 45. Rxa4 Rc1+ 46. Kh2 Bd6+ 47. g3 Bxc7 48. Bxc7 Rxc7 49. Rd4 Rc5 50. Kg2 Kf7 51. b4 Rb5 52. f4 Ke6 53. Kf3 Rb7 54. g4 g6 55. h4 Ra7 56. Rd3 Kd6 57. Rb3 Kc6 58. b5+ Kb6 59. Ke3 Ra4 60. Kf3 Rd4 61. Kg3 Rc4 62. Rd3 Kc5 63. Rb3 Kb6 64. Rd3 Kc5 65. Rb3 Kb6 1/2-1/2

[Event "Subotica City-ch"]
[Site "Subotica"]
[Date "2019.03.04"]
[Round "4"]
[White "Sirotanovic, Obrad"]
[Black "Matkovic, Jovan"]
[Result "1-0"]
[WhiteElo "2175"]
[BlackElo "1912"]
[PlyCount "90"]
[EventDate "2019.02.25"]
[EventType "swiss"]
[EventRounds "9"]
[EventCountry "SRB"]
[SourceTitle "CBM 189 Extra"]
[Source "ChessBase"]
[SourceDate "2019.06.03"]
[SourceVersion "1"]
[SourceVersionDate "2019.06.03"]
[SourceQuality "1"]

1. c4 e5 2. Nc3 Nc6 3. g3 f5 4. Bg2 Nf6 5. d3 Bb4 6. Bd2 0-0 7. e3 d6 8. Nge2 Qe8 9. Nd5 Bxd2+ 10. Qxd2 Nxd5 11. cxd5 Nd8 12. Rc1 c5 13. dxc6 bxc6 14. 0-0 Rb8 15. b3 Rb6 16. f4 Ba6 17. Rfd1 Rf6 18. Nc3 Rh6 19. fxe5 dxe5 20. Qf2 Bc8 21. Na4 Rb7 22. d4 e4 23. Nc5 Rf7 24. Qf4 Re7 25. Qb8 Nf7 26. d5 cxd5 27. Rxd5 Rc6 28. Rcd1 Rb6 29. Qa8 Qc6 30. Rd8+ Nxd8 31. Rxd8+ Kf7 32. Qxc8 Qxc8 33. Rxc8 Rd6 34. Bf1 g5 35. Bc4+ Kf6 36. h4 gxh4 37. gxh4 Rg7+ 38. Kf2 Rd2+ 39. Be2 Rxa2 40. b4 Rg4 41. Rc6+ Kf7 42. h5 Rb2 43. Rc7+ Kg8 44. Nd7 Rg7 45. Nf6+ Kf8 1-0

[Event "Subotica City-ch"]
[Site "Subotica"]
[Date "2019.02.27"]
[Round "2"]
[White "Matkovic, Jovan"]
[Black "Sijan, Branko"]
[Result "1-0"]
[WhiteElo "1912"]
[BlackElo "1753"]
[PlyCount "73"]
[EventDate "2019.02.25"]
[EventType "swiss"]
[EventRounds "9"]
[EventCountry "SRB"]
[SourceTitle "CBM 189 Extra"]
[Source "ChessBase"]
[SourceDate "2019.06.03"]
[SourceVersion "1"]
[SourceVersionDate "2019.06.03"]
[SourceQuality "1"]

1. e4 g6 2. d4 Bg7 3. Nc3 d6 4. Be3 e5 5. d5 Nf6 6. f3 c6 7. Qd2 a6 8. dxc6 bxc6 9. 0-0-0 0-0 10. Qxd6 Qa5 11. Bc4 Nbd7 12. Qxc6 Rb8 13. Bb3 Re8 14. Nge2 Bf8 15. Nd5 Kg7 16. Nec3 Bb4 17. Nxf6 Nxf6 18. Nd5 Be6 19. Qa4 Bxd5 20. Qxa5 Bxa5 21. exd5 Red8 22. h3 Bb6 23. Bg5 h6 24. Bh4 g5 25. Bg3 Nd7 26. h4 f6 27. hxg5 hxg5 28. Bc4 a5 29. Bd3 Rh8 30. Bf5 Be3+ 31. Kb1 Nc5 32. Rxh8 Rxh8 33. c3 Na4 34. Kc2 Kf7 35. Rd3 Bf4 36. Bf2 Rh2 37. Bh3 1-0

[Event "Stari Zednik"]
[Site "Stari Zednik"]
[Date "2017.06.24"]
[Round "7"]
[White "Matkovic, Jovan"]
[Black "Jovanovic, Milan B"]
[Result "0-1"]
[WhiteElo "1899"]
[BlackElo "2049"]
[PlyCount "108"]
[EventDate "2017.06.14"]
[EventType "swiss"]
[EventRounds "9"]
[EventCountry "SRB"]
[SourceTitle "CBM 179 Extra"]
[Source "ChessBase"]
[SourceDate "2017.08.23"]
[SourceVersion "1"]
[SourceVersionDate "2017.08.23"]
[SourceQuality "1"]

1. e4 c5 2. Nf3 Nc6 3. d4 cxd4 4. Nxd4 g6 5. Nc3 Bg7 6. Be3 Nf6 7. Bc4 0-0 8. f3 Qb6 9. Qd2 Nxe4 10. fxe4 Bxd4 11. Bxd4 Qxd4 12. Qe2 d6 13. Bd3 Be6 14. 0-0-0 Qg7 15. g4 Ne5 16. Rhg1 Rac8 17. h4 h6 18. Rg3 Rxc3 19. bxc3 Bxa2 20. Kb2 Be6 21. Ra1 a6 22. g5 h5 23. Qe3 Nd7 24. Ra5 Ne5 25. Qd4 Rc8 26. Be2 Qf8 27. Qd1 Qd8 28. Ra3 Qb6+ 29. Ka1 Qc5 30. Qc1 Qf2 31. Qe3 Qe1+ 32. Kb2 Rc5 33. Ra1 Nc4+ 34. Bxc4 Qxe3 35. Rxe3 Bxc4 36. Rd1 a5 37. Rd4 b5 38. Ka3 Re5 39. Rf3 Kf8 40. Kb2 Ke8 41. Kc1 Kd7 42. Kd2 Kc6 43. Ke3 Rc5 44. Rxc4 bxc4 45. Rxf7 a4 46. Rxe7 Ra5 47. Rf7 a3 48. Rf1 a2 49. Ra1 Kc5 50. Kf4 Ra8 51. Ke3 d5 52. exd5 Kxd5 53. Rd1+ Ke5 54. Ra1 Ra3 0-1

[Event "Subotica-ch op"]
[Site "Subotica"]
[Date "2017.02.27"]
[Round "3"]
[White "Matkovic, Jovan"]
[Black "Salgo, Sandor"]
[Result "1-0"]
[WhiteElo "1892"]
[BlackElo "2009"]
[PlyCount "65"]
[EventDate "2017.02.22"]
[EventType "swiss"]
[EventRounds "9"]
[EventCountry "SRB"]
[SourceTitle "CBM 177 Extra"]
[Source "ChessBase"]
[SourceDate "2017.04.27"]
[SourceVersion "1"]
[SourceVersionDate "2017.04.27"]
[SourceQuality "1"]

1. e4 e6 2. d4 d5 3. e5 c5 4. c3 Nc6 5. Nf3 Qb6 6. Bd3 Bd7 7. 0-0 cxd4 8. cxd4 Nxd4 9. Nxd4 Qxd4 10. Nc3 Qxe5 11. Re1 Qd6 12. Nb5 Qb8 13. Qf3 Be7 14. Bf4 Qd8 15. Nc7+ Kf8 16. Nxa8 Qxa8 17. Rac1 Bc6 18. Qg3 Qd8 19. Bb8 a6 20. Bxa6 Qb6 21. Bd3 Nf6 22. Be5 h5 23. h3 h4 24. Qf4 g5 25. Qxg5 Ne8 26. Qf4 f6 27. Bd4 e5 28. Bxe5 Qd8 29. Bg6 Nd6 30. Bd4 Kg7 31. Bf5 Rh5 32. Qg4+ Rg5 33. Qxg5+ 1-0

[Event "Subotica-ch"]
[Site "Subotica"]
[Date "2015.02.25"]
[Round "5"]
[White "Nadj Hedjesi, Balind"]
[Black "Matkovic, Jovan"]
[Result "1-0"]
[WhiteElo "2413"]
[BlackElo "2007"]
[PlyCount "53"]
[EventDate "2015.02.16"]
[EventType "swiss"]
[EventRounds "9"]
[EventCountry "SRB"]
[SourceTitle "CBM 165 Extra"]
[Source "ChessBase"]
[SourceDate "2015.04.21"]
[SourceVersion "1"]
[SourceVersionDate "2015.04.21"]
[SourceQuality "1"]

1. e4 c5 2. Nc3 Nc6 3. Bb5 g6 4. Bxc6 dxc6 5. d3 Bg7 6. Be3 Qd6 7. f4 e5 8. fxe5 Bxe5 9. Nf3 Bg4 10. Qd2 0-0-0 11. Nxe5 Qxe5 12. 0-0 f6 13. a4 a5 14. Kh1 g5 15. Qf2 b6 16. Nd1 h6 17. Bd2 Rh7 18. Bc3 Rd4 19. Ne3 Be6 20. Nf5 Bxf5 21. Bxd4 cxd4 22. Qxf5+ Rd7 23. Qxe5 fxe5 24. Rf8+ Rd8 25. Raf1 Ne7 26. Rxd8+ Kxd8 27. Rf6 1-0

[Event "Subotica-ch"]
[Site "Subotica"]
[Date "2014.02.19"]
[Round "1"]
[White "Matkovic, Jovan"]
[Black "Szabo, Nikita"]
[Result "1-0"]
[WhiteElo "2017"]
[BlackElo "1638"]
[PlyCount "53"]
[EventDate "2014.02.19"]
[EventType "swiss"]
[EventRounds "9"]
[EventCountry "SRB"]
[SourceTitle "CBM 159 Extra"]
[Source "ChessBase"]
[SourceDate "2014.04.24"]
[SourceVersion "1"]
[SourceVersionDate "2014.04.24"]
[SourceQuality "1"]

1. e4 c5 2. Nf3 Nc6 3. d4 cxd4 4. Nxd4 Nf6 5. Nc3 g6 6. Be3 Bg7 7. f3 0-0 8. Qd2 d5 9. Nxc6 bxc6 10. e5 Ne8 11. f4 Nc7 12. 0-0-0 Ba6 13. g4 e6 14. h4 Qe7 15. Qf2 Rfb8 16. Bc5 Qd8 17. Ne4 Bxf1 18. Qxf1 a5 19. g5 Na6 20. Ba3 Qb6 21. Nf6+ Bxf6 22. gxf6 Qe3+ 23. Rd2 Nc5 24. Rh3 Qe4 25. Bxc5 Rb5 26. Ba3 Rab8 27. h5 1-0